000 00470nam a2200133Ia 4500
005 20260209120147.0
008 260209s9999||||xx |||||||||||||| ||und||
100 _aAashi Agarwal
245 0 _aDomestic violence against elderly in India : a legal study
260 _aBangaloreBangalore
_bNLSIU
_c2023
300 _a40 p. ; 25 cm.
700 _aMs. Sharada Shindhe - Supervisor Ms. Sharada Shindhe - Supervisor
856 _uhttps://dans.nls.ac.in/handle/123456789/1179
999 _c217573
_d217573